Lyde Green Roman Villa, Emersons Green, South Gloucestershire /
The Roman villa at Lyde Green was excavated between mid-2012 and mid-2013 along with its surroundings and antecedent settlement. The results of the stratigraphic analysis are given here, along with specialist reports on the human remains, pottery (including thin sections), ceramic building material,...
مؤلفون آخرون: , , , ,
التنسيق: كتاب الكتروني
اللغة: English
منشور في:
Oxford :
Archaeopress Publishing Ltd,
2021.
سلاسل:
Archaeopress Roman archaeology ;
85.
الموضوعات:
الوصول للمادة أونلاين: Login to view Source
الوسوم: إضافة وسم
رقم الطلب: DA690.B8
| LEADER | 02776nam a2200517 i 4500 | ||
|---|---|---|---|
| 001 | EDZ0002644432 | ||
| 003 | StDuBDS | ||
| 005 | 20230412183137.0 | ||
| 006 | m|||||o||d|||||||| | ||
| 007 | cr ||||||||||| | ||
| 008 | 211106s2021 enkab fob 000|0|eng|d | ||
| 020 | |a 9781803270470 (PDF ebook) : |c No price | ||
| 040 | |a StDuBDS |b eng |c StDuBDS |e rda |e pn | ||
| 050 | 4 | |a DA690.B8 | |
| 082 | 0 | 4 | |a 936.239104 |2 23 |
| 245 | 0 | 0 | |a Lyde Green Roman Villa, Emersons Green, South Gloucestershire / |c edited by Matthew S. Hobson and Richard Newman ; with contributions from Adrian Bailey [and sixteen others] ; small finds photography by Richard Henry ; illustration work by Helen Phillips and Adrian Bailey ; figures by Matthew S. Hobson, Helen Phillips and Adrian Bailey. |
| 264 | 1 | |a Oxford : |b Archaeopress Publishing Ltd, |c 2021. | |
| 300 | |a 1 online resource (viii, 203 pages) : |b illustrations (black and white, and colour), maps (black and white, and colour). | ||
| 336 | |a text |2 rdacontent | ||
| 336 | |a still image |2 rdacontent | ||
| 336 | |a cartographic image |2 rdacontent | ||
| 337 | |a computer |2 rdamedia | ||
| 338 | |a online resource |2 rdacarrier | ||
| 490 | 1 | |a Archaeopress Roman archaeology ; |v 85 | |
| 500 | |a Also issued in print: 2021. | ||
| 500 | |a "Available in both print and Open Access"--Homepage. | ||
| 504 | |a Includes bibliographical references. | ||
| 506 | 0 | |a Open access. | |
| 520 | 8 | |a The Roman villa at Lyde Green was excavated between mid-2012 and mid-2013 along with its surroundings and antecedent settlement. The results of the stratigraphic analysis are given here, along with specialist reports on the human remains, pottery (including thin sections), ceramic building material, small finds, coinage and iron-working waste. | |
| 521 | |a Specialized. | ||
| 588 | |a Description based on online resource; title from PDF title page (viewed on December 1, 2021). | ||
| 650 | 0 | |a Excavations (Archaeology) |z England |z South Gloucestershire. | |
| 651 | 0 | |a Lyde Green (England) |x Antiquities, Roman. | |
| 650 | 0 | |a Material culture |z England |z South Gloucestershire |x History. | |
| 651 | 0 | |a Great Britain |x History |y Roman period, 55 B.C.-449 A.D. | |
| 700 | 1 | |a Hobson, Matthew S., |d 1982- |e editor, |e illustrator. | |
| 700 | 1 | |a Newman, Richard, |d 1958- |e editor. | |
| 700 | 1 | |a Henry, Richard, |e illustrator. | |
| 700 | 1 | |a Phillips, Helen, |e illustrator. | |
| 700 | 1 | |a Bailey, Adrian, |e illustrator. | |
| 776 | 0 | 8 | |i Print version : |z 9781803270463 |
| 830 | 0 | |a Archaeopress Roman archaeology ; |v 85. | |
| 856 | 4 | 0 | |3 Archaeopress |u http://library.arce.org:8087/Archaeopress/Products/9781803270463 |
| 942 | |2 lcc |c EBOOK | ||
| 952 | |0 0 |1 0 |4 0 |6 DA0690 B8 |7 1 |9 46869 |a ARCH |b ARCH |d 2023-04-12 |l 0 |o DA690.B8 |r 2023-04-12 00:00:00 |w 2023-04-12 |y EBOOK | ||
| 999 | |c 52527 |d 52527 | ||
